000 00713nam a2200289Ia 4500
005 20260324123729.0
008 008 260324s9999 xx 000 0 eng d
020 _a9780203832134
037 _aEBOOK
040 _aCRL
040 _beng
040 _cCRL
041 _2eng
041 _aeng
084 _qCRL
100 _aLee Edwards; Caroline E. M. Hodges
_91171437
245 0 _aPublic Relations, Society & Culture
245 0 _bTheoretical and Empirical Explorations
260 _bTaylor and Francis
260 _c2011
365 _a
365 _b230
856 _uhttp://www.taylorfrancis.com/books/9780203832134
942 _cEBOOK
999 _c1765201
_d1765201